000 00763cam a22002293a 4500
001 31704
003 PGUSA
005 20140828083703.0
008 100320s2010||||xxu|||||s|||||000 | eng d
040 _aPGUSA
_beng
042 _adc
050 4 _aZ
100 1 _aStewart, A. A.
_q(Alexander A.)
245 1 0 _aType Cases and Composing-room Furniture :
_bA Primer of Information About Type Cases, Work Stands, Cabinets, Case Racks, Galley Racks, Standing Galleys, &c.
_h[electronic resource] /
_cA. A. Stewart
260 _bProject Gutenberg,
_c2010
506 _aPublic domain in the USA.
516 _aElectronic text
653 _aPrinters' furniture
830 0 _aProject Gutenberg
_v31704
856 4 0 _uhttp://www.gutenberg.org/ebooks/31704
942 _cEB
999 _c260959
_d260959